书目信息 |
| 题名: |
英语短语动词词典
|
|
| 作者: | ;《英语短语动词词典》编写组 编 | |
| 分册: | ||
| 出版信息: | 上海 上海译文出版社 1982 |
|
| 页数: | 704页 | |
| 开本: | 19cm | |
| 丛书名: | ||
| 单 册: | ||
| 中图分类: | H314.2-61 | |
| 科图分类: | ||
| 主题词: | 英语--词类--词典 | |
| 电子资源: | ||
| ISBN: | ||
| 000 | 00836nam0 2200241 45 | |
| 001 | 0182002173 | |
| 005 | 20051031105546.12 | |
| 010 | @b精装@dCNY3.40 | |
| 091 | @a17188.10 | |
| 100 | @a19950607d1982 em y0chiy0121 ea | |
| 101 | 0 | @achi@aeng |
| 102 | @aCN@b310000 | |
| 105 | @ay e 000yy | |
| 200 | 10 | @a英语短语动词词典@Aying yu duan yu dong ci ci dian@e英汉双解@EYing Han Shuang Jie@f《英语短语动词词典》编写组编@F《Ying Yu Duan Yu Dong Ci Ci Dian》Bian Xie Zu Bian |
| 210 | @a上海@c上海译文出版社@d1982 | |
| 215 | @a704页@d19cm | |
| 517 | @a英汉双解@AYing Han Shuang Jie | |
| 606 | @a英语@x词类@x词典 | |
| 690 | @aH314.2-61@v3 | |
| 711 | 02 | @a《英语短语动词词典》编写组@4编 |
| 801 | 2 | @aCN@bNLC@c20051031 |
| 801 | 0 | @aCN@b上海图书馆@c20050418 |
| 905 | @f2@b156802-803@dH314.2-61@e163@b73324-325@f2@f4@b123708-711@f1@b123706 | |
| 英语短语动词词典:英汉双解/《英语短语动词词典》编写组编.-上海:上海译文出版社,1982 |
| 704页;19cm |
| ISBN (精装):CNY3.40 |
| ● |
| 相关链接 |
|
|
|
|
正题名:英语短语动词词典
索取号:H314.2-61/163
 
预约/预借
| 序号 | 登录号 | 条形码 | 馆藏地/架位号 | 状态 | 备注 |
| 1 | 0073320 | 000872130 | 密集书库/ [索取号:H314.2-61/163] | 在馆 | |
| 2 | 0073321 | 000872149 | 工具书阅览室/ [索取号:H314.2-61/163] | 在馆 | |
| 3 | 0073323 | 202186669 | 密集书库/ [索取号:H314.2-61/163] | 在馆 | |
| 4 | 0073324 | 000886777 | 密集书库/ [索取号:H314.2-61/163] | 在馆 | |
| 5 | 0073325 | 000886599 | 密集书库/ [索取号:H314.2-61/163] | 在馆 | |
| 6 | 0073326 | 000887794 | 密集书库/ [索取号:H314.2-61/163] | 在馆 | |
| 7 | 0073327 | 000887758 | 密集书库/ [索取号:H314.2-61/163] | 在馆 | |
| 8 | 0073328 | 000886624 | 密集书库/ [索取号:H314.2-61/163] | 在馆 | |
| 9 | 0123705 | 000886697 | 工具书阅览室/ [索取号:H314.2-61/163] | 在馆 | |
| 10 | 0123706 | 000886580 | 密集书库/ [索取号:H314.2-61/163] | 在馆 | |
| 11 | 0123707 | 202071970 | 密集书库/ [索取号:H314.2-61/163] | 在馆 | |
| 12 | 0123708 | 000886731 | 密集书库/ [索取号:H314.2-61/163] | 在馆 | |
| 13 | 0123709 | 002037726 | 密集书库/ [索取号:H314.2-61/163] | 在馆 | |
| 14 | 0123710 | 000886651 | 密集书库/ [索取号:H314.2-61/163] | 在馆 | |
| 15 | 0123711 | 000886571 | 密集书库/ [索取号:H314.2-61/163] | 在馆 | |
| 16 | 0156802 | 000886615 | 密集书库/ [索取号:H314.2-61/163] | 在馆 | |
| 17 | 0156803 | 000886633 | 密集书库/ [索取号:H314.2-61/163] | 在馆 | |
| 18 | 0156804 | 000886606 | 第二样本阅览室/ [索取号:H314.2-61/163] | 在馆 |